000 00656nam a22001817a 4500
005 20251108165230.0
008 250721s2001 xx 000 0 ara d
082 1 4 _aم/216.532/سوي
100 1 _aسويد، محمد نور بن عبد الحفيظ
245 1 0 _aمنهج التربية النبوية للطفل مع نماذج تطبيقية من حياة السلف الصالح و أقوال العلماء العاملين /
250 _aط2
264 1 _aدمشق :
_bدار ابن كثير،
_c2001.
300 _aج2
650 1 7 _aالسيره النبويه
650 1 7 _aتربيه الابناا
942 _2ddc
_cREF
999 _c22771
_d22771